Songs That Appear in Regular Show- Sudden Death - Statistics

General Stats
  • This quiz has been taken 82 times
  • The average score is 6 of 22
Answers on the Grid
Answers color-coded by a green-red scale on the quiz's grid according to % correct below.
David Bowie- Heroes
Kenny Loggins- Footloose
Loverboy- Working for the Weekend
Bachman-Turner Overdrive- Takin’ Care of Business
Ludwig van Beethoven- Ode to Joy
Antonio Vivaldi- Spring
Twisted Sister- We’re Not Gonna Take It
Mountain- Mississippi Queen
Warren Zevon- Werewolves in London
The Cure- Friday I’m In Love
Dragonforce- Through the Fire and Flames
Tag Team- Whoomp! (There It Is)
Simple Minds- Don’t You (Forget About Me)
Alphaville- Forever Young
The Surfaris- Wipe Out
Queen- We Are the Champions
Eddie Murphy- Party All the Time
The Cars- You Might Think
Bonnie Tyler- Holding Out for a Hero
Poison- Nothin’ but a Good Time
Pat Benatar- Hit Me With Your Best Shot
Thompson Twins- Lies
Real Estate- Darling
North American Scum- LCD Soundsystem
Survivor- Eye of the Tiger
Pete Shelley- Homosapien
Men Without Hats- The Safety Dance
Van Halen- Jump
The War on Drugs- Harmonia’s Dream
Cyndi Lauper- Time After Time
The Human League- Don’t You Want Me Baby
Duran Duran- Hungry Like the Wolf
Kid Rock- All Summer Long
Wolfgang Amadeus Mozart- The Magic Flute
Journey- Separate Ways (Worlds Apart)
Talking Heads- Burning Down the House
 
Answer Stats
Answer % Correct
David Bowie- Heroes
52%
Queen- We Are the Champions
50%
Mountain- Mississippi Queen
46%
Bonnie Tyler- Holding Out for a Hero
42%
Simple Minds- Don’t You (Forget About Me)
42%
Kenny Loggins- Footloose
33%
Loverboy- Working for the Weekend
31%
Pat Benatar- Hit Me With Your Best Shot
27%
Twisted Sister- We’re Not Gonna Take It
27%
Bachman-Turner Overdrive- Takin’ Care of Business
25%
Poison- Nothin’ but a Good Time
25%
Tag Team- Whoomp! (There It Is)
25%
Warren Zevon- Werewolves in London
25%
Alphaville- Forever Young
23%
Eddie Murphy- Party All the Time
19%
The Cars- You Might Think
19%
The Cure- Friday I’m In Love
19%
Thompson Twins- Lies
19%
Dragonforce- Through the Fire and Flames
17%
Ludwig van Beethoven- Ode to Joy
17%
The Surfaris- Wipe Out
17%
Antonio Vivaldi- Spring
6%
No matching quizzes found
Score Distribution
Percent of People with Each Score
Percentile by Number Answered
Your Score History
You have not taken this quiz